sanat - anteeksi demo, pehmoaino - Statistics

Yleistilastot
  • Tätä visaa on pelattu 21 kertaa
  • Keskiarvotulos 97 / 231
Vastaustilastot
Hint Vastaus % Oikein
oo
89%
anteeksi
78%
72%
72%
ja
67%
Ja
67%
67%
67%
oot
67%
halusin
56%
tuun
56%
En
50%
en
50%
kuin
50%
Kun
50%
kun
50%
menneisyys
50%
miten
50%
mulle
50%
mut
50%
olla
50%
oon
50%
1. Verse Ootko
50%
ootko
50%
pyytää
50%
siellä
50%
Siitä
50%
siitä
50%
sun
50%
vain
50%
voit
50%
yksin?
50%
yksin
50%
aika
44%
Hain
44%
ihan
44%
joka
44%
joku
44%
kaaduit
44%
kätesi
44%
koitin
44%
kuihtuu
44%
kuinka
44%
kuu?
44%
Luulin
44%
luulin
44%
meitä
44%
mistä
44%
Näkyykö
44%
Niin
44%
niin
44%
nostin
44%
oli
44%
olin
44%
Omakuva
44%
opetit
44%
paljon
44%
pystyyn
44%
Outro Pyydän
44%
rakkaudesta
44%
saman
44%
sielläkin
44%
suojaa
44%
tajusin
44%
toinen
44%
Tunnetko
44%
tuulen?
44%
enemmän
39%
Ennen
39%
ensimmäinen
39%
että
39%
harsoon
39%
ilta
39%
jonka
39%
kohdellaan
39%
kuljin
39%
la
39%
lämpöä
39%
mua
39%
muistot
39%
Olit
39%
on
39%
rakkaudeksi
39%
sain
39%
sairaus
39%
satutin
39%
se
39%
sit
39%
toista
39%
tuntematta
39%
unohtuu
39%
vahva
39%
vaikka
39%
herätti
33%
jos
33%
Käärin
33%
kaikki
33%
käy
33%
laa
33%
myös
33%
näin
33%
nyt
33%
palaat
33%
parempi
33%
Sinä
33%
söi
33%
sua
33%
takaisin
33%
tuntuu
33%
unohda
33%
Unohda
33%
haavat
28%
kaunista
28%
lempeydestä
28%
mikä
28%
moni
28%
mun
28%
tiedän
28%
valmis
28%
yritin
28%
Annoit
22%
asia
22%
hauskaa
22%
ikinä
22%
iltaa
22%
kevyttä
22%
lisää
22%
musta
22%
mutta
22%
Mutta
22%
nauranu
22%
peiton
22%
suojaksi
22%
täällä
22%
taas
22%
turhaa
22%
valvoit
22%
ihanaa
17%
ihmisten
17%
kohtaamisesta
17%
Pyyhit
17%
sitten
17%
tavalla
17%
tuntemattomalla
17%
varmaan
17%
aikaa
11%
hyvällä
11%
itseäs
11%
itselleni
11%
kans
11%
käyttäydyin
11%
löit
11%
löytää
11%
pimeetä
11%
kaikista
6%
yhtä
6%
Ehtoja vastaavia visoja ei löytynyt
Tulosjakauma
Jokaisen tuloksen saaneiden osuus
Persentiili vastausten määrän mukaan
Tuloshistoriasi
Et ole pelannut tätä visaa